| 000 | 01017nam a2200229Ia 4500 | ||
|---|---|---|---|
| 003 | OSt | ||
| 005 | 20241004101528.0 | ||
| 008 | 210719s2007 xx 000 0 und d | ||
| 040 | _cAL | ||
| 041 | _aKannada | ||
| 082 | _aK894.3 INDC | ||
| 100 |
_aINDIRA GOSVAMI _dಇಂದಿರಾ ಗೋಸ್ವಾಮಿ _9181323 |
||
| 245 |
_aChinnamasta: Jnana pita puraskaradinda sanmanitarada sahitiya bahucharchita kadambari _bಚಿನ್ನಮಸ್ತ ಜ್ಞಾನ ಪೀಠ ಪುರಸ್ಕಾರದಿಂದ ಸನ್ಮಾನಿತರಾದ ಸಾಹಿತಿಯ ಬಹುಚರ್ಚಿತ ಕಾದಂಬರಿ |
||
| 260 |
_aShivamogga _bRavindra Pustakalaya _c2007 |
||
| 300 |
_avi-235 _bHB |
||
| 365 |
_b120 _cRs |
||
| 650 |
_aKannada Fiction _9181324 |
||
| 650 |
_aThe Man from Chinnamasta _9181326 |
||
| 700 |
_aR P Hegade _dಅರ್ ಪಿ ಹೆಗಡೆ tr _9181325 |
||
| 906 | _abahucharchita ; Chinnamasta ; Jnana ; kadambari ; pita ; puraskaradinda ; sahitiya ; sanmanitarada | ||
| 942 |
_2ddc _cBK |
||
| 999 |
_c215032 _d215032 |
||